Acción tutorial y orientación educativa

Bewaard in:
Bibliografische gegevens
Hoofdauteur: Mora, Juan Antonio (autor)
Formaat: Boek
Taal:Spaans
Gepubliceerd in: Madrid Narcea 1995
Editie:4a. ed
Reeks:Colección Educación Hoy
Onderwerpen:
Tags: Voeg label toe
Geen labels, Wees de eerste die dit record labelt!

MARC

LEADER 00000nam a2200000 a 4500
001 UCQ4035
003 CL-VaPUC
008 980829e19950000SP |||||||||||||||||spa|d
082 0 4 |a 371.42  |b MOR  |2 21 
100 |a Mora, Juan Antonio  |e autor  |9 532189 
245 1 0 |a Acción tutorial y orientación educativa 
250 |a 4a. ed 
300 |a 170 p 
942 |c BK 
945 |d 19980829 00:00:00  |a aarredon 
260 |a Madrid  |b Narcea  |c 1995 
650 7 |a ORIENTACION EDUCACIONAL  |2 CL-VaPUC  |9 312512 
650 0 |a Orientación profesional   |9 308504 
650 7 |a TUTORIA  |2 CL-VaPUC  |9 335054 
650 0 |a Métodos de enseñanza  |9 270413 
650 7 |a FRACASO ESCOLAR  |2 CL-VaPUC  |9 308828 
583 |a last modification  |c 19980829 00:00:00  |k Rodrigo Vera 
490 0 |a Colección Educación Hoy 
999 |c 274533  |d 274531 
952 |0 0  |1 0  |4 0  |6 371_420000000000000_MOR_1995  |7 0  |8 P  |9 310732  |a BIBEDU  |b BIBEDU  |c BIBEDU_PB  |d 2019-11-20  |i 3458121  |o 371.42 MOR 1995  |p 3458121  |r 2024-01-25  |w 2019-11-20  |y BK  |k LIT 
952 |0 0  |1 0  |4 0  |6 371_420000000000000_MOR_1995  |7 0  |8 P  |9 310733  |a BIBEDU  |b BIBEDU  |c BIBEDU_PB  |d 2019-11-20  |i 3494845  |o 371.42 MOR 1995  |p 3494845  |r 2024-01-25  |w 2019-11-20  |y BK  |k BME